[Event "WYg16"]
[Site "Heraklio GRE"]
[Date "2002.11.18"]
[Round "5"]
[White "Batchimeg,T"]
[Black "Fominykh,M"]
[Result "0-1"]
[WhiteElo "2140"]
[BlackElo "2240"]

1.e4 d6 2.d4 Nf6 3.Nc3 e5 4.dxe5 dxe5 5.Qxd8+ Kxd8 6.Bg5 Be6 7.O-O-O+ Nd7
8.Nf3 Kc8 9.Bxf6 gxf6 10.a3 c6 11.Be2 Bc5 12.Rhf1 Rg8 13.Nh4 Kc7 14.Bd3 b5
15.Nb1 Nf8 16.Rd2 Ng6 17.Nxg6 fxg6 18.Re2 a6 19.Nc3 Rad8 20.Ree1 Rd7 21.f4 exf4
22.Rxf4 Bd4 23.Nd1 c5 24.g3 c4 25.Be2 g5 26.Rf3 Bg4 27.Re3 Bxe3+ 28.Nxe3 Be6
29.Bg4 Bxg4 30.Nxg4 Rf8 31.Rf1 Rdf7 32.Rf5 h5 33.Ne3 Re8 34.Nd5+ Kc6 35.Nc3 Re5
36.Kd2 Rxf5 37.exf5 Kd6 38.Nd1 Ke5 39.Ne3 Rd7+ 40.Ke2 Rd4 41.h3 Re4 42.Kf3 Kd4
43.c3+ Kd3 44.Nd5 Re5 45.Nb4+ Kd2 46.g4 hxg4+ 47.hxg4 Re3+ 48.Kf2 Re4 49.Kf3 Re5
50.Nxa6 Kc1 51.Nb8 Rd5 52.Ke4 Rd6 53.Nc6 Rxc6 54.Kd5 Rb6 55.Kc5 Rb8 56.Kb4 Kxb2
57.a4 bxa4+ 58.Kxa4 Kxc3  0-1

[Event "It"]
[Site "Torino ITA"]
[Date "2002.11.19"]
[Round "4"]
[White "Sedina,E"]
[Black "Georgiev,Vl"]
[Result "0-1"]
[WhiteElo "2428"]
[BlackElo "2501"]

1.e4 d6 2.d4 Nf6 3.Nc3 e5 4.Nf3 Nbd7 5.Bc4 Be7 6.O-O O-O 7.Re1 c6 8.a4 a5
9.Ba2 exd4 10.Qxd4 Ng4 11.Bf4 Nge5 12.Rad1 Qc7 13.Qe3 Nxf3+ 14.Qxf3 Ne5 15.Qg3 Be6
16.h3 Bf6 17.Bg5 Bxg5 18.Qxg5 Bxa2 19.Nxa2 Rad8 20.Nc3 Rfe8 21.b3 Re6 22.Qe3 Rde8
23.Qd2 Nd7 24.Re3 Nc5 25.Qd4 Qe7 26.Rg3 Qf8 27.Re3 h5 28.Rde1 Qe7 29.Rg3 Rf6
30.Qd1 Qe5 31.Rge3 Rg6 32.Qf3 Qg5 33.Kh1 Ree6 34.Rg1 Qh4 35.Qe2 Ref6 36.Rf3 Rxf3
37.Qxf3 Rf6 38.Qg3 Qxg3 39.fxg3 Rf2 40.Rc1 Kf8 41.Kg1 Rd2 42.Kf1 Ke7 43.Nb1 Rd4
44.Kf2 Rxe4 45.Nd2 Re6 46.Nc4 d5 47.Nd2 Kd6 48.Rd1 Ne4+ 49.Nxe4+ Rxe4 50.Kf3 g5
51.c3 Kc5 52.Ra1 g4+ 53.hxg4 hxg4+ 54.Kf2 f5 55.Rd1 Re5 56.Rd2 b6 57.Rd1 Re6
58.Ra1 d4 59.cxd4+ Kxd4 60.Rc1 Kd3  0-1

[Event "WYg16"]
[Site "Heraklio GRE"]
[Date "2002.11.21"]
[Round "8"]
[White "Tania,S"]
[Black "Khaziyeva,D"]
[Result "1/2-1/2"]
[WhiteElo "2189"]
[BlackElo "2102"]

1.e4 d6 2.d4 Nf6 3.Nc3 Nbd7 4.f4 e5 5.dxe5 dxe5 6.fxe5 Nxe5 7.Qxd8+ Kxd8
8.Bf4 Bd6 9.O-O-O Ke7 10.Kb1 Bg4 11.Be2 c6 12.h3 Bxe2 13.Ngxe2 Nfd7 14.g4 Nc4
15.Bxd6+ Nxd6 16.Ng3 g6 17.b3  1/2-1/2

[Event "It"]
[Site "Torino ITA"]
[Date "2002.11.21"]
[Round "6"]
[White "Piscopo,P"]
[Black "Georgiev,Vl"]
[Result "1-0"]
[WhiteElo "2272"]
[BlackElo "2501"]

1.e4 d6 2.d4 Nf6 3.Nc3 e5 4.Nf3 Nbd7 5.g3 c6 6.Bg2 b5 7.O-O Be7 8.Re1 O-O
9.b3 Bb7 10.Bb2 Qc7 11.a4 a6 12.Ne2 Rfe8 13.Nc1 Bf8 14.Nd3 exd4 15.Nxd4 c5
16.Nf5 g6 17.Ne3 c4 18.Nf4 c3 19.Bc1 Bxe4 20.Bxe4 Rxe4 21.axb5 Ne5 22.Kg2 Qb7
23.f3 Rb4 24.bxa6 Qc6 25.Ned5 Nxd5 26.Nxd5 Rb5 27.Nf6+ Kh8 28.Re4 Bg7 29.Bg5 Nd7
30.Re8+ Rxe8 31.Nxe8 Rd5 32.Qc1 Re5 33.Nxg7 Re2+ 34.Kh3 Qxf3 35.Qh1 Qxh1
36.Rxh1 Kxg7 37.Bd8 Re8 38.Ba5 Kf8 39.Bxc3 Ra8 40.Ra1 Ke7 41.b4 Kd8 42.b5 Nc5
43.Ba5+ Kc8 44.Bb6 Nd7 45.Bd4 Kc7 46.Re1 Kd8 47.a7 Ne5 48.Bxe5 dxe5 49.b6 Kc8
50.Rxe5 Kb7 51.Rb5 Rc8 52.Rb2 h6 53.Kg2 f5 54.Kf2 g5 55.h3 h5 56.h4 g4 57.Kg2 Rf8
58.c4 f4 59.gxf4 Rxf4 60.c5 Rf6 61.Ra2 Rf8 62.a8=Q+ Rxa8 63.c6+  1-0

[Event "TCh-BEL 2002-3"]
[Site "Belgium BEL"]
[Date "2002.11.24"]
[Round "3"]
[White "Golubev,M"]
[Black "Klyuner,V"]
[Result "1-0"]
[WhiteElo "2528"]
[BlackElo "2425"]

1.e4 d6 2.d4 Nf6 3.Nc3 e5 4.Nf3 Nbd7 5.Bc4 Be7 6.O-O O-O 7.a4 a5 8.Re1 c6
9.Ba2 Ne8 10.Be3 Nc7 11.Ne2 Bf6 12.Ng3 g6 13.c3 Qe7 14.Qd2 Re8 15.Rad1 Nf8
16.h3 Be6 17.d5 cxd5 18.exd5 Bd7 19.Ne4 Bg7 20.Bc5 Ra6 21.Bc4 f5 22.Nxd6 Rxd6
23.Nxe5 Bxe5 24.f4 Qh4 25.Rxe5 Rxe5 26.fxe5 Qxc4 27.Bxd6 Ne8 28.Bxf8 Kxf8
29.e6 Bxa4 30.d6 Qxe6 31.Re1 Qb3 32.Qd4 Bb5 33.d7 Bxd7 34.Qxd7 Qb6+ 35.Kh1 Nf6
36.Qe7+ Kg8 37.Re6 Qxb2 38.Qd8+  1-0

[Event "TCh-BEL 2002-3"]
[Site "Belgium BEL"]
[Date "2002.11.24"]
[Round "3"]
[White "Timmermans,I"]
[Black "Hautot,S"]
[Result "1-0"]
[WhiteElo "2180"]
[BlackElo "2290"]

1.e4 d6 2.d4 Nf6 3.Nc3 Nbd7 4.f4 e5 5.Nf3 exd4 6.Qxd4 c6 7.e5 dxe5 8.fxe5 Bc5
9.Qf4 Qe7 10.Be2 Nd5 11.Nxd5 cxd5 12.Bd2 O-O 13.O-O-O f6 14.Qh4 Nxe5 15.Rhe1 Bf5
16.Bc3 Ng6 17.Qg3 Be4 18.h4 Rac8 19.Bd3 f5 20.h5 Bd6 21.Qf2 Nf4 22.h6 Rxc3
23.bxc3 Qc7 24.hxg7 Rc8 25.Qd4 Ba3+ 26.Kb1 Ne6 27.Qa4 Qb6+ 28.Qb3 Rxc3 29.Qxb6 axb6
30.Nh4 Nc5 31.Bxe4 fxe4 32.Rxd5 Rc4 33.Rd8+ Kxg7 34.Nf5+ Kf6 35.Rd4 Rc3 36.Ne3 b5
37.Nd5+  1-0

[Event "74th ch-GER"]
[Site "Saarbruecken GER"]
[Date "2002.11.24"]
[Round "3"]
[White "Zeller,F"]
[Black "Tabatt,H"]
[Result "1-0"]
[WhiteElo "2454"]
[BlackElo "2222"]

1.e4 d6 2.d4 Nf6 3.Nc3 c6 4.Nf3 Bg4 5.h3 Bh5 6.Qe2 e6 7.g4 Bg6 8.g5 Nfd7
9.Nh4 e5 10.d5 Be7 11.Nxg6 hxg6 12.h4 Nb6 13.a4 a5 14.Qf3 N8d7 15.Be3 Nc5
16.h5 Rxh5 17.Rxh5 gxh5 18.Qxh5 Qc7 19.Bh3 g6 20.Qh8+ Bf8 21.O-O-O Ncxa4
22.Nxa4 Nxa4 23.f4 exf4 24.Bxf4 Rd8 25.e5  1-0

[Event "ch-CRO"]
[Site "Zagreb CRO"]
[Date "2002.11.25"]
[Round "2"]
[White "Rezek,M"]
[Black "Jurkovic,A"]
[Result "0-1"]
[WhiteElo "2184"]
[BlackElo "2340"]

1.e4 d6 2.d4 Nf6 3.Nc3 Nbd7 4.Nf3 e5 5.dxe5 dxe5 6.Bc4 Bc5 7.Bg5 c6 8.O-O O-O
9.a4 a5 10.Qe2 Re8 11.Rad1 h6 12.Bh4 Qe7 13.h3 Nf8 14.Bg3 Ng6 15.Nh4 Nxh4
16.Bxh4 g5 17.Bg3 Kg7 18.Rd3 Kg6 19.Kh1 h5 20.Qd2 h4 21.Bh2 Nh5 22.Rf3 f6
23.Be2 Be6 24.Qd1 Ng7 25.g4 Rad8 26.Qc1 Rd4 27.Bd3 Bc4 28.Ne2 Bxd3 29.Nxd4 Bxe4  0-1

[Event "40th Ann Open"]
[Site "Curacao AHO"]
[Date "2002.11.26"]
[Round "8"]
[White "Polgar,S"]
[Black "Gallegos,Ca"]
[Result "0-1"]
[WhiteElo "2462"]
[BlackElo "2432"]

1.e4 d6 2.d4 Nf6 3.Nc3 c6 4.f3 Qa5 5.Be3 Nbd7 6.Qd2 e5 7.Nge2 Be7 8.Ng3 g6
9.O-O-O b5 10.Kb1 h5 11.h4 a6 12.Bg5 Bb7 13.f4 exd4 14.Qxd4 b4 15.Nce2 c5
16.Qd3 O-O-O 17.c4 Rhe8 18.Nc1 Nf8 19.Be2 Ne6 20.Bf3 Qc7 21.Nce2 Kb8 22.Nf1 Nxg5
23.hxg5 Nd7 24.Ne3 Nb6 25.g4 hxg4 26.Nxg4 Rh8 27.b3 Rdf8 28.Ng3 d5 29.cxd5 Qxf4
30.d6 Bd8 31.Ne2 Qxg5 32.e5 Rxh1 33.Rxh1 c4 34.bxc4 Bxf3 35.Qxf3 Nxc4 36.Qf4 Qf5+
37.Qxf5 gxf5 38.Nh6 Rh8 39.Nd4 Nxe5 40.Rh5 Ng4 41.Ndxf5 Kc8 42.Kc2 Kd7 43.Kb3 Nxh6
44.Rxh6 Rxh6 45.Nxh6 f6 46.Kxb4 Kxd6 47.Nf7+ Ke7 48.Nxd8 Kxd8 49.a4 Kd7 50.Kc5 a5
51.Kb5 f5 52.Kc5 Ke6 53.Kd4 Kd6  0-1

[Event "ch-ROM w"]
[Site "Curtea de Arges ROM"]
[Date "2002.11.27"]
[Round "2.1"]
[White "Dragomirescu,An"]
[Black "Ionica,I"]
[Result "0-1"]
[WhiteElo "2309"]
[BlackElo "2203"]

1.d4 d6 2.e4 Nf6 3.Nc3 Nbd7 4.f4 e5 5.Nf3 exd4 6.Qxd4 c6 7.a4 d5 8.exd5 Bc5
9.Qd3 O-O 10.Be2 Re8 11.Bd2 Ng4 12.Nd1 Qe7 13.h3 Bf2+ 14.Kf1 Nc5 15.d6 Qf6
16.hxg4 Nxd3 17.Bxd3 Bxg4 18.Bxh7+ Kf8 19.Nxf2 Qxb2 20.Rd1 Bxf3 21.Be4 Bxg2+
22.Kxg2 g6 23.Be3 Rxe4 24.Nxe4 Qxc2+ 25.Nf2 Kg7 26.d7 Rd8 27.Rd6 c5 28.Bc1 b6
29.Rd2 Qxa4 30.Bb2+ f6 31.Rd6 Qxf4 32.Rd3 Qg5+ 33.Rg3 Qd5+ 34.Rf3 Qg5+ 35.Rg3 Qd5+
36.Rf3 Qg5+ 37.Rg3 Qd2 38.Rgh3 Qd5+ 39.Kg3 Qb3+ 40.Kg2 Qd5+ 41.Kg3 Rxd7 42.Rh7+ Kf8
43.Rh8+ Kf7 44.R8h7+ Ke6 45.Re1+ Kf5 46.Rxd7 Qxd7 47.Ng4 Qd6+ 48.Kh3 Qd3+
49.Ne3+ Ke4 50.Bc1 Qc3 51.Rf1 g5 52.Kg4 Qd3 53.Rxf6 Qd7+ 54.Kxg5 Qg7+ 55.Rg6 Qc3
56.Re6+ Kd3 57.Rd6+ Ke2 58.Rd1 Qxe3+ 59.Bxe3 Kxd1 60.Kf5 a5 61.Ke4 Kc2 62.Kd5 Kd3
63.Bc1 a4 64.Kc6  0-1

[Event "ch-ITA"]
[Site "Montecatini Terme ITA"]
[Date "2002.11.28"]
[Round "9"]
[White "Buchicchio,G"]
[Black "De Santis,A"]
[Result "1-0"]
[WhiteElo "2254"]
[BlackElo "2267"]

1.e4 d6 2.d4 Nf6 3.Nc3 c6 4.Nf3 Bg4 5.h3 Bh5 6.Qe2 e6 7.g4 Bg6 8.h4 d5 9.exd5 Nxd5
10.h5 Qa5 11.hxg6 Nxc3 12.bxc3 Qxc3+ 13.Kd1 Qxa1 14.Rxh7 Na6 15.Rxh8 O-O-O
16.gxf7 Nc7 17.Qc4 Nd5 18.Bd3 Nc3+ 19.Kd2 Nxa2 20.Rh1 Bd6 21.Qxe6+ Kc7 22.Qxd6+ Rxd6
23.f8=Q Qc3+ 24.Ke2 Nxc1+ 25.Rxc1 Qa3 26.Qxg7+  1-0

[Event "74th ch-GER"]
[Site "Saarbruecken GER"]
[Date "2002.11.28"]
[Round "7"]
[White "Pirrot,D"]
[Black "Siebrecht,S"]
[Result "1/2-1/2"]
[WhiteElo "2421"]
[BlackElo "2426"]

1.e4 d6 2.d4 Nf6 3.Nc3 e5 4.Nf3 Nbd7 5.Bc4 Be7 6.dxe5 Nxe5 7.Nxe5 dxe5 8.Qxd8+ Bxd8
9.a4 c6 10.a5 Be7 11.f3 Nd7 12.Be3 Nf8  1/2-1/2

[Event "ch-CRO"]
[Site "Zagreb CRO"]
[Date "2002.11.28"]
[Round "5"]
[White "Bilic,M"]
[Black "Biti,O"]
[Result "1/2-1/2"]
[WhiteElo "2315"]
[BlackElo "2295"]

1.e4 d6 2.d4 Nf6 3.Nc3 e5 4.Nf3 Nbd7 5.Bc4 Be7 6.O-O O-O 7.a4 a5 8.Re1 c6
9.Ba2 exd4 10.Nxd4 Nc5 11.Qf3 Qb6 12.Nf5 Bxf5 13.Qxf5 Rae8 14.Bc4 Qb4 15.Bf1 Bd8
16.Bd2 Qb6 17.Qf3 Nfd7 18.b3 Bf6 19.Rad1 Re6 20.Kh1 Rfe8 21.Qg4 g6 22.f3 R6e7
23.Qg3 Be5 24.Qf2 Nxa4 25.Be3 Nac5 26.Na4 Qc7 27.Nxc5 dxc5 28.g3 Bc3 29.Re2 b6  1/2-1/2

[Event "ch-CRO"]
[Site "Zagreb CRO"]
[Date "2002.11.28"]
[Round "5"]
[White "Ljubicic,F"]
[Black "Jurkovic,A"]
[Result "1/2-1/2"]
[WhiteElo "2432"]
[BlackElo "2340"]

1.e4 d6 2.d4 Nf6 3.Nc3 Nbd7 4.f4 e5 5.Nf3 exd4 6.Qxd4 c6 7.Be2 Qb6 8.O-O d5
9.Qxb6 Nxb6 10.e5 Bc5+ 11.Kh1 Ng4 12.Nd1 h5 13.c3 Bd7 14.Nd4 Nc8 15.Ne3 Bxd4
16.cxd4 Nxe3 17.Bxe3 Ne7 18.Bf2 Bg4 19.Bd3 Bf5 20.Be2 Be4 21.Kg1 Rh6 22.g3 Kd7
23.Rfc1 f5 24.h3 Ng6 25.Be3 Nf8 26.b4 a6 27.a4 Ne6 28.b5 axb5 29.axb5 Rhh8
30.bxc6+ bxc6 31.Rxa8 Rxa8 32.Bxh5 Rh8 33.Bf7 Rxh3 34.Bxe6+ Kxe6 35.Rxc6+ Kf7
36.Rc7+ Kg6 37.Kf2 Rh2+ 38.Ke1 Rh1+ 39.Ke2 Rb1 40.e6 Rb6 41.e7 Kf7 42.Bd2 Rb3
43.Bc3 g6 44.Kd2 Ke8 45.Ra7 Kf7 46.Rc7 Ke8 47.Ke2 Kf7 48.Bd2 Bd3+ 49.Kf2 Ba6
50.Bc1 Rb7 51.Rc6 Bb5 52.e8=Q+ Kxe8 53.Rxg6 Bd3  1/2-1/2

[Event "ch-ROM w"]
[Site "Curtea de Arges ROM"]
[Date "2002.11.29"]
[Round "3.1"]
[White "Ionescu Brandis,I"]
[Black "Ionica,I"]
[Result "1-0"]
[WhiteElo "2326"]
[BlackElo "2203"]

1.e4 d6 2.d4 Nf6 3.Nc3 Nbd7 4.Nf3 e5 5.Bc4 Be7 6.O-O O-O 7.Re1 c6 8.a4 b6
9.Bg5 Qc7 10.d5 c5 11.Nh4 Re8 12.Nf5 Nf8 13.Bb5 Bxf5 14.Bxe8 Bd7 15.Bxd7 Qxd7
16.Qd3 Rb8 17.Bd2 Ng6 18.Ne2 Qg4 19.f3 Qd7 20.Reb1 Rc8 21.Qb5 Qc7 22.a5 h5
23.axb6 axb6 24.Ra6 Rb8 25.Rba1 Nf8 26.Ra8 Rb7 27.Qc6 Kh7 28.Qxc7 Rxc7 29.R1a7 Rxa7
30.Rxa7 N8d7 31.Bg5  1-0

[Event "ch-ISR"]
[Site "Tel Aviv ISR"]
[Date "2002.11.29"]
[Round "5"]
[White "Vydeslaver,A"]
[Black "Klenburg,M"]
[Result "1-0"]
[WhiteElo "2434"]
[BlackElo "2331"]

1.e4 d6 2.d4 Nf6 3.Nc3 e5 4.Nf3 Nbd7 5.Bc4 Be7 6.O-O O-O 7.Re1 c6 8.a4 Qc7
9.h3 b6 10.Bg5 Re8 11.Bxf6 Bxf6 12.d5 c5 13.a5 bxa5 14.Nd2 a6 15.Nb3 Nb6
16.Be2 g6 17.Nxa5 Bg7 18.Na4 Nd7 19.Nc4 f5 20.Qd2 Rb8 21.Qa5 Qxa5 22.Nxa5 Nf6
23.Nc6 Rb7 24.Bxa6 Rf7 25.Bxc8 Rxc8 26.Nb6 Re8 27.Nc4 Bf8 28.f3 Rb7 29.b3 h5
30.Ra6 Kg7 31.Kf2 h4 32.Ke3 Nh5 33.Rea1 Kf6 34.Ra8 Rxa8 35.Rxa8 Bh6+ 36.Kf2 Rd7
37.Ra7 Rxa7 38.Nxa7 Bf8 39.Nb5 Ng3 40.Nbxd6 Bxd6 41.Nxd6 Ke7 42.Nc4 fxe4
43.Nxe5 exf3 44.Nxg6+ Kd6 45.Kxf3 Nf5 46.Kf4 Nd4 47.c4  1-0

[Event "ch-CRO"]
[Site "Zagreb CRO"]
[Date "2002.11.30"]
[Round "7"]
[White "Filipovic,Br"]
[Black "Jurkovic,A"]
[Result "1-0"]
[WhiteElo "2446"]
[BlackElo "2340"]

1.e4 d6 2.d4 Nf6 3.Nc3 Nbd7 4.Nf3 e5 5.Bc4 Be7 6.a4 O-O 7.a5 exd4 8.Nxd4 Nc5
9.f3 c6 10.O-O a6 11.Ba2 Re8 12.b4 Ne6 13.Nf5 Bf8 14.Na4 Nc7 15.Nb6 Rb8 16.Nxc8 Rxc8
17.Bb2 d5 18.e5 Nh5 19.f4 g6 20.g4 gxf5 21.gxh5 Qh4 22.Kh1 Ne6 23.Rg1+ Kh8
24.Qd3 Qxf4 25.Raf1 Qe4+ 26.Qxe4 fxe4 27.Rxf7 Re7 28.Rf6 Bg7 29.c4 Nc7 30.Rf5 Rce8
31.h6 Bxh6 32.e6+ Bg7 33.Rxg7 Rxg7 34.Bxg7+ Kxg7 35.Rf7+ Kg6 36.Rxc7 d4 37.c5 d3
38.Rd7 Kf5 39.Kg2 Kf4 40.e7 d2 41.Rxd2 Rxe7 42.Kf1 Ke3 43.Rd6 h5 44.Be6 h4
45.h3 Rg7 46.Bg4 Rf7+ 47.Ke1 Re7 48.Rd7 Rxd7 49.Bxd7 Kd4 50.Bxc6  1-0

[Event "10th Ducale Open"]
[Site "Genova ITA"]
[Date "2002.12.01"]
[Round "9"]
[White "Sareen,V"]
[Black "Georgiev,Vl"]
[Result "1-0"]
[WhiteElo "2335"]
[BlackElo "2501"]

1.e4 d6 2.d4 Nf6 3.Nc3 e5 4.dxe5 dxe5 5.Qxd8+ Kxd8 6.Bc4 Ke8 7.Nf3 Bd6 8.Bg5 Be6
9.Bxf6 gxf6 10.Nd5 Nd7 11.O-O-O Rc8 12.Rd2 Rg8 13.g3 Bf8 14.Kb1 Bh6 15.Rd3 c6
16.Ne3 Nc5 17.Bxe6 fxe6 18.Ra3 Nxe4 19.Rxa7 Nxf2 20.Re1 Rd8 21.Nc4 Rg7 22.Na5 Rdd7
23.a4 e4 24.Re2 e3 25.Nc4 Ng4 26.a5 Rd1+ 27.Ka2 Rgd7 28.h3 Rf1 29.Rxb7 Rxb7
30.Nd6+ Kd7 31.Nxb7 Rxf3 32.Nc5+ Kd6 33.a6 Kc7 34.a7 Rf2 35.a8=Q Rxe2 36.hxg4 Rxc2
37.Qa7+ Kd6 38.Nd3 Bg5 39.Qa4 Rd2 40.Qd4+ Ke7 41.Qe4 h6 42.Nf4 e5 43.Qxe3 Rd4
44.Qa3+ Kd7 45.Qa7+ Kd6 46.Qb8+ Kd7 47.Ng6 Rd2 48.Qb7+ Ke6 49.Qxc6+ Kf7 50.Nh4  1-0

[Event "Hotel Opatija GM Nov"]
[Site "Rijeka CRO"]
[Date "2002.12.01"]
[Round "11"]
[White "Rogic,D"]
[Black "Rukavina,J"]
[Result "0-1"]
[WhiteElo "2496"]
[BlackElo "2393"]

1.e4 d6 2.d4 Nf6 3.Nc3 e5 4.Nf3 Nbd7 5.Bc4 Be7 6.O-O O-O 7.Re1 c6 8.a4 a5
9.h3 h6 10.Ba2 Re8 11.Be3 Bf8 12.Nd2 exd4 13.Bxd4 Nc5 14.Qf3 Be6 15.Bxe6 Rxe6
16.Rad1 Qb6 17.b3 Rae8 18.Nc4 Qa7 19.Re3 Nfd7 20.Qe2 Qa6 21.f3 Rg6 22.Bxc5 Nxc5
23.Kh1 Rge6 24.Qf2 b5 25.axb5 cxb5 26.Nd2 R6e7 27.Ra1 Ne6 28.Nd5 Ra7 29.b4 a4
30.Rea3 Nc7 31.c4 Nxd5 32.exd5 Rc7 33.cxb5 Qxb5 34.Ne4 Qxd5 35.Rxa4 Rec8
36.Ra7 Qe5 37.Qg3 Rc1+ 38.Rxc1 Rxc1+ 39.Kh2 Qd4 40.Qf2 Qxb4 41.Qa2 d5 42.Ra4 Qb8+
43.Ng3 Bd6 44.f4 Bxf4 45.Ra3 Qb6  0-1

[Event "ch-CRO"]
[Site "Zagreb CRO"]
[Date "2002.12.01"]
[Round "9"]
[White "Filipovic,Br"]
[Black "Armanda,I"]
[Result "1-0"]
[WhiteElo "2446"]
[BlackElo "2316"]

1.e4 d6 2.d4 Nf6 3.Nc3 e5 4.Nf3 Nbd7 5.Bc4 Be7 6.a4 O-O 7.a5 c6 8.O-O Qc7
9.Re1 h6 10.Be3 Re8 11.d5 Nf8 12.Qd3 Ng6 13.Nd2 Ng4 14.h3 Nxe3 15.fxe3 c5
16.a6 b6 17.Bb5 Bd7 18.Rf1 Rf8 19.Kh2 Rac8 20.g3 Bg5 21.Nc4 Be7 22.b3 Bxb5
23.Nxb5 Qd7 24.Nd2 Bg5 25.Rf3 f5 26.Rxf5 Rxf5 27.exf5 Ne7 28.g4 Bxe3 29.Ne4 Bf4+
30.Kg2 Rd8 31.Nbxd6 b5 32.c4 bxc4 33.bxc4 Rb8 34.Rb1 Rxb1 35.Qxb1 Qa4 36.f6 gxf6
37.Nxf6+ Kf8 38.Nh5 Qxa6 39.Qb8+ Nc8 40.Qxc8+  1-0

[Event "Baharov Mem"]
[Site "Borovec BUL"]
[Date "2002.12.02"]
[Round "2"]
[White "Marholev,D"]
[Black "Karadimov,M"]
[Result "1/2-1/2"]
[WhiteElo "2303"]
[BlackElo "2136"]

1.e4 d6 2.d4 Nf6 3.Nc3 Nbd7 4.Nf3 e5 5.Bc4 Be7 6.O-O O-O 7.a4 c6 8.Bg5 Nxe4
9.Nxe4 d5 10.Bxe7 Qxe7 11.Ng3  1/2-1/2

[Event "ch-POL sf"]
[Site "Lubniewice POL"]
[Date "2002.12.02"]
[Round "3"]
[White "Butkiewicz,L"]
[Black "Szoen,D"]
[Result "0-1"]
[WhiteElo "2039"]
[BlackElo "2262"]

1.e4 d6 2.d4 Nf6 3.Nc3 c6 4.f3 Nbd7 5.Be3 e5 6.Bd3 Qb6 7.Nge2 Qxb2 8.Rb1 Qa3
9.O-O Qa5 10.Qd2 Be7 11.Ng3 g6 12.Rb2 O-O 13.Nd5 Qd8 14.Nxe7+ Qxe7 15.Bh6 exd4
16.Nf5 Qe5 17.Bf4 Qe6 18.Nxd6 Nb6 19.e5 Nfd5 20.Bh6 Qxe5 21.Bxf8 Kxf8 22.Qh6+ Kg8
23.Ne4 Ne3 24.Re1 Nbd5 25.Ng5 Qg7 26.Qxg7+ Kxg7 27.Be4 Nf6 28.Bd3 b6 29.Ne4 Nfd5
30.g3 Bf5 31.Nf2 Bxd3 32.cxd3 c5 33.Nd1 Nxd1 34.Rxd1 Re8 35.Kf2 Re3 36.Rbd2 Kf6
37.Re1 Ke5 38.Rc2 g5 39.Rxe3+ Nxe3 40.Rc1 f5 41.Rb1 Kd5 42.Ke2 Kc6 43.Rb2 b5
44.Rb1 h5 45.Rb2 a6 46.Rb1 g4 47.fxg4 hxg4 48.Rb2 Kb6 49.Rb3 a5 50.a4 b4
51.Rb1 Kc6 52.Kd2 Kd5 53.Re1 b3 54.Kc1 c4 55.dxc4+ Kxc4 56.Kb2 Kb4 57.Rc1 d3  0-1

[Event "Baharov Mem"]
[Site "Borovec BUL"]
[Date "2002.12.03"]
[Round "4"]
[White "Karakehajov,K"]
[Black "Spasov,V"]
[Result "1/2-1/2"]
[WhiteElo "2283"]
[BlackElo "2591"]

1.e4 d6 2.d4 Nf6 3.Nc3 e5 4.dxe5 dxe5 5.Qxd8+ Kxd8 6.Bg5 Be6 7.O-O-O+ Nd7
8.Nf3 Bd6 9.Bb5 Kc8 10.h3 h6 11.Be3 a6 12.Bd3 Re8 13.a3 b5 14.g4 Kb7 15.g5 hxg5
16.Nxg5 Bc5 17.Nxe6 Rxe6 18.Rhg1 g6 19.b4 Bxe3+ 20.fxe3 Nb6 21.Rdf1 Rf8 22.Rf3 Ne8
23.Kd2 Nd6 24.Ke2 Rh8 25.a4 c6 26.a5 Nd7 27.Nd1 c5 28.bxc5 Nxc5 29.Nf2 Kc6
30.Rg5 Rh5 31.Rfg3 Rxg5 32.Rxg5 Ndb7 33.Ng4 Kd6 34.h4 Nxa5 35.h5 gxh5 36.Rxh5 Nxd3
37.cxd3 Nc6 38.Nh6 f6 39.Nf5+ Kc7 40.Kf3 b4 41.d4 exd4 42.exd4 Re8 43.d5 Ne5+
44.Kf4 b3 45.d6+ Kb6 46.Rh3 b2 47.Rb3+ Kc6 48.Ke3 Nc4+ 49.Kd3 Rxe4 50.Nd4+ Kd5
51.Nf5 Ke6 52.Nd4+ Ke5 53.Nf3+ Kf4 54.d7 Re3+ 55.Kxc4 Rxb3 56.d8=Q b1=Q 57.Qxf6+ Kg3
58.Qh4+ Kxf3 59.Qh3+ Ke2 60.Qxb3 Qe4+ 61.Kc5 Qe5+ 62.Kc6 Qb5+ 63.Qxb5+ axb5
64.Kxb5  1/2-1/2

[Event "TCh-ESP"]
[Site "Mondariz ESP"]
[Date "2002.12.03"]
[Round "4"]
[White "Candela Perez,J"]
[Black "Aguirre Izaguirre,P"]
[Result "1-0"]
[WhiteElo "2427"]
[BlackElo "2240"]

1.d4 d6 2.e4 Nf6 3.Nc3 e5 4.Nf3 Nbd7 5.Bc4 Be7 6.O-O O-O 7.Re1 c6 8.a4 b6
9.h3 a6 10.Be3 Rb8 11.d5 b5 12.axb5 axb5 13.dxc6 bxc4 14.cxd7 Bxd7 15.Ra2 Rb7
16.Qe2 Qb8 17.Rb1 Rc8 18.Nd2 Be6 19.Bg5 Nxe4 20.Ndxe4 f6 21.Bc1 d5 22.Ra6 Bf7
23.Ng3 d4 24.Nce4 c3 25.Nf5 Bc4 26.Qg4 Bf8 27.Rxf6 Kh8 28.Rxf8+ Rxf8 29.bxc3 Be6
30.Ned6 Bxf5 31.Nxf5 g6 32.Rxb7 Qxb7 33.Nd6 Qb1 34.Qg5  1-0

[Event "TCh-ESP"]
[Site "Mondariz ESP"]
[Date "2002.12.05"]
[Round "6"]
[White "Pomes Marcet,J"]
[Black "Magem Badals,J"]
[Result "1/2-1/2"]
[WhiteElo "2380"]
[BlackElo "2506"]

1.d4 d6 2.e4 Nf6 3.Nc3 Nbd7 4.Nf3 e5 5.Bc4 Be7 6.O-O O-O 7.Re1 c6 8.a4 a5
9.h3 Qc7 10.Ba2 h6 11.dxe5 Nxe5 12.Nd4 Re8 13.f4 Ng6 14.Be3 Bf8 15.Qf3 Kh8
16.Bf2 Be6 17.Nxe6 fxe6 18.Qg3 Kh7 19.Bxe6 Nh5 20.Qg4 Ngxf4 21.Bf5+ g6 22.Bxg6+ Nxg6
23.Qxh5 Re5 24.Qe2 Bg7 25.Be3 Rae8 26.Qd2 Qe7 27.Rad1 d5 28.Bd4 Re6 29.Bxg7 Kxg7
30.Qd4+ Kh7 31.Re2 dxe4 32.Re3 Nf4 33.Qd7 Rg8 34.Nxe4 Rxg2+ 35.Kh1 Qxd7 36.Rxd7+ Kg6
37.Rd1 Rxc2 38.Rg1+ Kh7 39.Nf6+ Rxf6 40.Re7+ Kh8 41.Re8+ Kh7 42.Re7+ Kh8
43.Re8+  1/2-1/2

[Event "TCh-ESP"]
[Site "Mondariz ESP"]
[Date "2002.12.07"]
[Round "8"]
[White "Garcia Padron,Jo"]
[Black "Aguirre Izaguirre,P"]
[Result "1-0"]
[WhiteElo "2426"]
[BlackElo "2240"]

1.d4 d6 2.e4 Nf6 3.Nc3 e5 4.Nf3 Nbd7 5.Bc4 Be7 6.O-O O-O 7.Re1 c6 8.a4 b6
9.h3 a6 10.d5 cxd5 11.Nxd5 Nxd5 12.Bxd5 Rb8 13.Qd3 Nc5 14.Qe2 Bd7 15.b3 Kh8
16.Be3 Bc8 17.a5 f5 18.exf5 Bxf5 19.axb6 Qxb6 20.Ng5 Bxg5 21.Bxg5 Qc7 22.Bd2 Ne6
23.c3 Nc5 24.b4 Nd3 25.Rf1 Bg6 26.Rxa6 Nf4 27.Bxf4 Rxf4 28.Qe3 Be8 29.Rfa1 Rf8
30.Ra7 Qd8 31.Ra8 Qc8 32.Rxb8 Qxb8 33.Ra8 Qb5 34.c4 Qxb4 35.Qf3  1-0

[Event "10th Amitie"]
[Site "Bagneux FRA"]
[Date "2002.12.12"]
[Round "4"]
[White "Seres,L"]
[Black "Peyrat,O"]
[Result "1/2-1/2"]
[WhiteElo "2465"]
[BlackElo "2300"]

1.e4 d6 2.d4 Nf6 3.Nc3 e5 4.Nf3 Nbd7 5.Bc4 Be7 6.O-O O-O 7.Re1 c6 8.a4 b6
9.d5 cxd5 10.Nxd5 Nxd5 11.Bxd5 Rb8 12.b3 Nf6 13.Ba3 Nxd5 14.Qxd5 Be6 15.Qd3 Rb7
16.c4 Rd7 17.Nd2 g6 18.Nf1 f5 19.exf5 gxf5 20.f4 e4 21.Qg3+ Kh8 22.Ne3 d5
23.Bxe7 Qxe7 24.cxd5 Bxd5 25.Qf2 Be6 26.a5 b5 27.Qb2+ Qg7 28.Qxg7+ Kxg7 29.b4 Rd4
30.Rab1 Bc4  1/2-1/2

[Event "FSIMB Dec"]
[Site "Budapest HUN"]
[Date "2002.12.12"]
[Round "6"]
[White "Ramaswamy,A"]
[Black "Schneider,At"]
[Result "1-0"]
[WhiteElo "2271"]
[BlackElo "2337"]

1.e4 d6 2.d4 Nf6 3.Nc3 c6 4.f4 Qa5 5.Bd3 e5 6.Nf3 Nbd7 7.O-O Qb6 8.Be2 exd4
9.Nxd4 Nc5 10.Bf3 g6 11.Be3 Qxb2 12.Ndb5 cxb5 13.Bd4 Bg7 14.Nd5 Nxd5 15.Bxb2 Bxb2
16.Qxd5 O-O 17.Qxd6 Ne6 18.Rad1 Bf6 19.f5 Rd8 20.Qg3 Nd4 21.e5 Be7 22.f6 Bc5
23.Kh1 Be6 24.Bxb7 Rab8 25.Be4 b4 26.h4 Ne2 27.Qf3 Nc3 28.Rxd8+ Rxd8 29.Bd3 Rd4
30.Qa8+ Bf8 31.Kg1 Rxh4 32.Rf2 Rh5 33.Qb8 Bd5 34.Rf4 a5 35.Rd4 Rg5 36.Bc4 Rxg2+
37.Kf1 Rxc2 38.Bxd5 Rc1+ 39.Kg2 Rc2+ 40.Kf3 Ne2 41.Rc4 Ng1+ 42.Ke3  1-0

[Event "ch-Balkan"]
[Site "Istanbul TUR"]
[Date "2002.12.12"]
[Round "4"]
[White "Sofronie,I"]
[Black "Stojanovski,D"]
[Result "1/2-1/2"]
[WhiteElo "2460"]
[BlackElo "2431"]

1.e4 d6 2.d4 Nf6 3.Nc3 e5 4.Nf3 Nbd7 5.Bc4 Be7 6.O-O O-O 7.h3 c6 8.a4 a5
9.Ba2 exd4 10.Nxd4 Nc5 11.Re1 Qb6 12.Kh1 Be6 13.Nxe6 fxe6 14.e5 dxe5 15.Rxe5 Rad8
16.Qe1 Bd6 17.Re2 Nd5 18.Nxd5  1/2-1/2

[Event "Salona Rapid 1hr"]
[Site "Solin-Spilt CRO"]
[Date "2002.12.12"]
[Round "1"]
[White "Sermek,D"]
[Black "Dizdarevic,E"]
[Result "1/2-1/2"]
[WhiteElo "2590"]
[BlackElo "2520"]

1.e4 d6 2.d4 Nf6 3.Nc3 e5 4.Nf3 Nbd7 5.Bc4 Be7 6.O-O O-O 7.h3 c6 8.a4 Nxe4
9.Nxe4 d5 10.Nxe5 Nxe5 11.dxe5 dxc4 12.Nd6 Bxd6 13.exd6 Be6 14.Qd4 Qb6 15.Qe5 Rfe8
16.Be3 Qd8 17.Bd4 f6 18.Qg3 Kf8 19.a5 Qd7 20.Rfe1 Kf7 21.Re3 Bd5 22.Rae1 Rxe3
23.Rxe3 Re8 24.Bxa7 Rxe3 25.fxe3 Qf5 26.Bb6 c5 27.Bxc5 Bc6 28.Bd4 Qxa5 29.e4 Qd2
30.Bc3 Qxc2 31.e5 Qf5 32.exf6 gxf6 33.Qh4 Ke6 34.Qxc4+ Kxd6 35.Qf7 Bd5 36.Qf8+ Kc6
37.Qe8+ Qd7 38.Qe3 f5 39.Be5 Be4 40.Qc3+ Kd5 41.Bf4 Ke6 42.Qe5+ Kf7 43.Qh8 Ke6
44.Be5 Qe7 45.Bd4 Kd5 46.Be3 Kc6 47.Qc3+ Kd7  1/2-1/2

[Event "FSIMA Dec"]
[Site "Budapest HUN"]
[Date "2002.12.13"]
[Round "7"]
[White "Lengyel,B"]
[Black "Graham,N"]
[Result "1-0"]
[WhiteElo "2338"]
[BlackElo "2346"]

1.e4 d6 2.d4 Nf6 3.Nc3 c6 4.a4 a5 5.Nf3 Bg4 6.Be2 d5 7.e5 Nfd7 8.Ng5 Bxe2
9.e6 f6 10.exd7+ Qxd7 11.Qxe2 fxg5 12.Bxg5 Qf5 13.h4 Na6 14.g4 Qd7 15.h5 O-O-O
16.O-O-O Re8 17.Bf4 e6 18.Qe5 Rg8 19.Rh3 Be7 20.Qe2 Rgf8 21.Be5 Bg5+ 22.Kb1 Rf7
23.f3 Bf4 24.Re1 Bxe5 25.Qxe5 Qc7 26.Kc1 Nb8 27.Qe3 Nd7 28.Qd3 Qf4+ 29.Kb1 e5
30.Qxh7 Qxd4 31.h6 Qf2 32.Rhh1 Qxf3 33.hxg7 Nf6 34.Qg6 Ree7 35.Rh8+ Kc7 36.g8=Q Nxg8
37.Qxg8 Kb6 38.Qd8+ Ka6 39.g5 Qg3 40.Qa8+ Kb6 41.Nxd5+ cxd5 42.Rh6+ Kc7 43.Qxa5+ Kc8
44.Qc5+ Kd8 45.Qxd5+ Kc8 46.Qc5+ Rc7 47.Rh8+ Kd7 48.Qd5+  1-0